| 000 | 00469nam a22001697a 4500 | ||
|---|---|---|---|
| 003 | OSt | ||
| 005 | 20211116115256.0 | ||
| 008 | 211116b |||||||| |||| 00| 0 eng d | ||
| 020 | _a0-86622-704-0 | ||
| 040 | _cHAWASSA UNIVERSITY | ||
| 050 |
_a639.3/RIC _b1 |
||
| 082 |
_a639.3/RIC _b1 |
||
| 100 |
_aDR. RICHARDS HERBERT _qDR.RICHARDS HERBERT _918614 |
||
| 245 | _aA BEGINNER'S GUIDE TO TROPICAL FISH | ||
| 260 |
_aNEPUTUNE CITY _bT.F.H. _c1986 |
||
| 942 |
_2ddc _cBOOKS _n0 |
||
| 999 |
_c18474 _d18474 |
||